Revista de Estudios Jurd̕icos y Criminolg̤icos

Detalles Bibliográficos
Formato: eBook
Lenguaje:español
Publicado: Cd̀iz: Universidad de Cd̀iz, 2020 -
Materias:
Acceso en línea:Acceso restringido

MARC

LEADER 00000nam a22000007a 4500
005 20210531210757.0
007 cr|||| ||||
008 210531c20209999es fr|w s|||| 0|||b1spa d
022 |a 2660-7964 
035 |a 33309 
040 |a vLex 
090 |c 11760  |d 11760 
245 0 0 |a Revista de Estudios Jurd̕icos y Criminolg̤icos  |h [Recurso electrn̤ico] / 
256 |a Servicio en ln̕ea 
260 |a Cd̀iz:  |b Universidad de Cd̀iz,  |c 2020 - 
300 |a 1 recurso electrn̤ico 
310 |a Semestral 
362 |a Nð 1-1 (Ene. 2020) - 
506 1 |a Disponible solo en los productos indicados  |d vLex Global  |d vLex Global (Academic Edition, excluding Law Schools)  |d vLex Global (U.S. Academic Edition, Law Schools)  |d vLex Global (U.S. Academic Edition, excluding Law Schools)  |d vLex Global (Academic Edition, Law Schools) 
650 0 4 |a Derecho Laboral y Seguridad Social  |z Espaą 
650 0 4 |a Derecho Penal  |z Espaą 
650 0 4 |a Derecho Pb︢lico y Administrativo  |z Espaą 
740 0 |a vLex Revistas (Servicio en ln̕ea) 
856 4 0 |u https://vlex.com/source/revista-de-estudios-juridicos-y-criminologicos-33309  |z Acceso restringido 
942 |c REV 
999 0 |a Labor Law and Social Security 
999 0 |a Criminal Law 
999 0 |a Public and Administrative Law